000 00958cam a2200253 a 4500
005 20260206142647.0
008 870820m19009999coub b 001 0 eng
020 _a1555870449
020 _a0744900115
040 _aKABLIB
_cKABLIB
_erda
082 0 0 _a321.8
_223
_bDEM
245 0 0 _aDemocracy in developing countries /
_cedited by Larry Diamond, Juan J. Linz, Seymour Martin Lipset.
260 _aBoulder, Colo. :
_bL. Rienner ;
_aLondon :
_bAdamantine Press,
_c<1988-1989 >
300 _axxvii. 515 p, :
_c23 cm.
504 _aIncludes bibliographies and indexes.
650 0 _aDemocracy.
651 0 _aDeveloping countries
_xPolitics and government.
_915165
700 1 _aDiamond, Larry Jay.
_915184
700 1 _aLinz, Juan J.
_q(Juan José),
_d1926-
_915216
700 1 _aLipset, Seymour Martin.
_915205
906 _a7
_bcbc
_corignew
_d1
_eocip
_f19
_gy-gencatlg
942 _2ddc
_cBOOK
999 _c6022
_d6022